A passion for freedom : (Record no. 953)

MARC details
000 -LEADER
fixed length control field 00774pam a2200265 a 4500
005 - DATE AND TIME OF LATEST TRANSACTION
control field 20260322212041.0
008 - FIXED-LENGTH DATA ELEMENTS--GENERAL INFORMATION
fixed length control field data
010 ## - LIBRARY OF CONGRESS CONTROL NUMBER
LC control number 82004866
020 ## - INTERNATIONAL STANDARD BOOK NUMBER
International Standard Book Number 0816507767
020 ## - INTERNATIONAL STANDARD BOOK NUMBER
International Standard Book Number 9780816507764
040 ## - CATALOGING SOURCE
Original cataloging agency DLC
Transcribing agency DLC
Modifying agency DLC
043 ## - GEOGRAPHIC AREA CODE
Geographic area code n-us-az
050 00 - LIBRARY OF CONGRESS CALL NUMBER
Classification number F811.H175
Item number M39 1982
082 00 - DEWEY DECIMAL CLASSIFICATION NUMBER
Classification number B
-- B
Edition information 19
001 - CONTROL NUMBER
control field data
100 1# - MAIN ENTRY--PERSONAL NAME
Personal name Maxwell, Margaret F.,
Dates associated with a name 1927-
245 12 - TITLE STATEMENT
Title A passion for freedom :
Remainder of title the life of Sharlot Hall /
Statement of responsibility, etc. Margaret F. Maxwell.
260 ## - PUBLICATION, DISTRIBUTION, ETC.
Place of publication, distribution, etc. Tucson, Ariz. :
Name of publisher, distributor, etc. University of Arizona Press,
Date of publication, distribution, etc. c1982.
300 ## - PHYSICAL DESCRIPTION
Extent x, 234 p. :
Other physical details ill. ;
Dimensions 24 cm.
500 ## - GENERAL NOTE
General note Includes index.
504 ## - BIBLIOGRAPHY, ETC. NOTE
Bibliography, etc. note Bibliography: p. 221-226.
600 10 - SUBJECT ADDED ENTRY--PERSONAL NAME
Personal name Hall, Sharlot Mabridth,
Dates associated with a name 1870-1943.
650 #0 - SUBJECT ADDED ENTRY--TOPICAL TERM
Topical term or geographic name entry element Historians
Geographic subdivision Arizona
General subdivision Biography.
651 #0 - SUBJECT ADDED ENTRY--GEOGRAPHIC NAME
Geographic name Arizona
General subdivision Biography.
Holdings
Withdrawn status Lost status Damaged status Not for loan Home library Current library Shelving location Date acquired Total checkouts Full call number Barcode Date last seen Price effective from Koha item type
        Pleasant Valley Pleasant Valley General stacks 22/03/2026   979.1/052/0924 B 19 BC0010985 22/03/2026 22/03/2026 Books